00948nam a2200289 a 450000100060000000300080000600500170001400800410003103500190007204000230009104100080011408200260012209200160014809900250016409900260018910000390021524500650025426000400031930000400035950000190039965000290041870000270044783000330047494200120050799900170051995201220053676939BD-RjUL20211209082916.0200207s1963 enkac 001 0 eng d a(BD-RjUL)77163 aEACcEACdm/cbeng aeng 223a709.024bMUA 1963 aD0400222405 a*ML A.4A-AN - V - G3 a*ML A.3VA-AN - 5 - G31 aMurray, Peter,d1920-1992.923899614aThe art of the Renaissance /c Murray Peter and Linda Murray aLondon :bThames and Hudson,cc1963 a286 p. :bill. (some col.) ;c21 cm aIncludes index 0aArt, Renaissance92389971 aMurray, Linda.9239000 0aWorld of art library9239001 2ddccBK c76939d76939 00102ddc40718NFICaRUCLbRUCLcReadingd2020-02-08l0o709.024 MUA 1963r2020-02-08 00:00:00tC-1w2021-12-09yBK